[Event "Foment Martinenc op-C 22nd"]
[Site "Barcelona"]
[Date "2022.04.23"]
[Round "1"]
[White "Serrahima Marine, Jordi"]
[Black "Martinez Bofarull, Didac"]
[Result "1-0"]
[WhiteElo "1675"]
[BlackElo "1388"]
[PlyCount "93"]
[EventDate "2022.04.23"]
[EventType "swiss"]
[EventRounds "9"]
[EventCountry "ESP"]
[SourceTitle "EXT 2023"]
[Source "ChessBase"]
[SourceDate "2022.10.05"]
[SourceVersion "1"]
[SourceVersionDate "2022.10.05"]
[SourceQuality "1"]

1. e4 e5 2. Nf3 Nc6 3. Bc4 Bc5 4. d3 d6 5. Nc3 Be6 6. Bb3 h6 7. Be3 Bb6 8. Ba4 Bd7 9. Nd5 Nf6 10. c4 0-0 11. h3 Ba5+ 12. Bd2 Bb6 13. 0-0 Nd4 14. Nxf6+ Qxf6 15. Bxd7 Rad8 16. Ba4 Ne6 17. Be3 Bd4 18. Bxd4 exd4 19. Qb3 Nc5 20. Qa3 Ne6 21. b4 Qg6 22. Qc1 Rc8 23. Bd7 Ng5 24. Nxg5 hxg5 25. Bxc8 Rxc8 26. f4 g4 27. f5 Qh5 28. hxg4 Qxg4 29. Qf4 Qe2 30. Qf3 Qb2 31. b5 c6 32. a4 cxb5 33. axb5 a6 34. bxa6 bxa6 35. Rxa6 Qb8 36. Qg3 f6 37. Qxd6 Qxd6 38. Rxd6 Kh7 39. Rxd4 g6 40. g4 g5 41. Rd7+ Kh8 42. Rf2 Kg8 43. Rh2 Rd8 44. Rxd8+ Kg7 45. Rd7+ Kg8 46. Ra2 Kh8 47. Ra8# 1-0